000 00506nam a2200157 i 4500
001 50395
003 ES-MaACL
005 20230906162155.0
007 t|
008 030804s1913 sp ||||1| spa d
100 1 _aCuiñas Portela, José.
_942120
245 1 0 _aEstudios experimentales sobre la reacción de Wassermann en los animales sanos y la coagulación de la sangre /
_cJosé Cuiñas Portela.
260 _aPontevedra :
_b[s.n.,
_c1913]
502 _aTesis doctoral.
852 _aES-MaACL
_jT-1366-F-4
999 _c50395
_d50395